|
|
|
|
| LEADER |
00719cam a2200193 7i4500 |
| 001 |
0000050301 |
| 005 |
20170222090000.0 |
| 020 |
|
|
|a 9781856048217 (pbk.)
|
| 090 |
0 |
0 |
|a ZA4080
|b .D46 2012
|
| 245 |
0 |
0 |
|a Digital libraries and information access :
|b research perspectives
|c edited by G. G. Chowdhury and Schubert Foo.
|
| 260 |
|
|
|a London:
|b Facet Publishing,
|c 2012.
|
| 300 |
|
|
|a xvi, 235 p.:
|b ill.;
|c 23 cm.
|
| 650 |
0 |
0 |
|a Digital libraries
|
| 700 |
1 |
|
|a Chowdhury, G. G.
|
| 700 |
1 |
|
|a Foo, Schubert
|
| 997 |
|
|
|a Communication, Visual Art & Computing, Faculty
|b Communication, Department
|
| 998 |
|
|
|a Library Science, Degree
|
| 998 |
|
|
|a Library Science, Diploma
|
| 999 |
|
|
|a 0000056420
|b BOK
|c OPEN SHELF
|e 2nd Floor, Bestari Jaya
|